Normal view MARC view

Entry Topical Term

Number of records used in: 1

001 - CONTROL NUMBER

  • control field: 24235

003 - CONTROL NUMBER IDENTIFIER

  • control field:

005 - DATE AND TIME OF LATEST TRANSACTION

  • control field: 20230830144512.0

008 - FIXED-LENGTH DATA ELEMENTS

  • fixed length control field: 230830|| aca||aabn | a|a d

040 ## - CATALOGING SOURCE

  • Original cataloging agency:
  • Transcribing agency:

150 ## - HEADING--TOPICAL TERM

  • Topical term or geographic name entry element: Automobile
  • Form subdivision: Maintenance and repairs
  • General subdivision: handbooks, manuals, e.t.c

670 ## - SOURCE DATA FOUND

  • Source citation: Work cat.: ()12059: CHUKWUEMEKE, G. I. aut 24233, Kyv services recorder for motorists /, 1998

National Library of Nigeria OPAC is powered by Koha